00330cam a22000977a 4500008004000000082002500040100004600065245007600111260002900187300001600216180718b1967 xxu||||| |||| 00| 0 eng d aB71103x5442 A/R/1967 aMaharashtra. Rural Development Department aMaharashtra zilla parishads district services (recruitment) rules, 1967 aBombaybThe authorc1967 ap.1905-1988